Kliknij miasta wojewódzkie Polski na mapie - Statystyki

Ogólne statystyki
  • Ten quiz został rozwiązany 188 razy
  • Średni wynik to 15 z 18
Odpowiedzi na mapie
Odpowiedzi zakodowano w zielono-czerwonej skali na mapie do tego quizu, zgodnie z poniższymi procentami.
 
Statystyki odpowiedzi
Odpowiedź % Poprawnych
Gdańsk
95%
Warszawa
95%
Kraków
92%
Katowice
87%
Olsztyn
87%
Poznań
87%
Szczecin
87%
Wrocław
87%
Białystok
86%
Lublin
86%
Rzeszów
85%
Łódź
84%
Bydgoszcz
82%
Kielce
81%
Toruń
81%
Zielona Góra
79%
Opole
78%
Gorzów Wielkopolski
70%
Nie znaleziono quizów pasujących do podanych kryteriów
Rozkład punktacji
Procent ludzi z każdym wynikiem
Percentyl według liczby udzielonych odpowiedzi
Twoja historia wyników
Nie rozwiązałeś tego quizu